Organic chemistry : (Record no. 12734)
[ view plain ]
| 000 -LEADER | |
|---|---|
| fixed length control field | 00832cam a22002771 4500 |
| 001 - CONTROL NUMBER | |
| control field | 12734 |
| 003 - CONTROL NUMBER IDENTIFIER | |
| rucl marc code | BD-RjUL |
| 005 - DATE AND TIME OF LATEST TRANSACTION | |
| control field | 20211208235340.0 |
| 008 - FIXED-LENGTH DATA ELEMENTS--GENERAL INFORMATION | |
| fixed length control field | 140129s1964 stka 001 0 eng d |
| 035 ## - SYSTEM CONTROL NUMBER | |
| System control number | (BD-RjUL)12784 |
| System control number | (OCoLC)7981895 |
| 040 ## - CATALOGING SOURCE | |
| Original cataloging agency | DLC |
| Transcribing agency | FTS |
| Modifying agency | TQG |
| -- | Uk |
| -- | DLC |
| -- | (BD-RjUL) |
| Language of cataloging | eng |
| 041 ## - LANGUAGE CODE | |
| Language code of text/sound track or separate title | eng |
| 082 00 - DEWEY DECIMAL CLASSIFICATION NUMBER | |
| Edition number | 20 |
| Classification number | 547.30877 |
| Author mark and year | ORG 1964 |
| 245 10 - TITLE STATEMENT | |
| Title | Organic chemistry : |
| Statement of responsibility, etc. | Rev. and ed. by Neil Campbell. |
| Remainder of title | Schmidt / |
| 250 ## - EDITION STATEMENT | |
| Edition statement | 8th ed., rev. and enl. |
| 260 ## - PUBLICATION, DISTRIBUTION, ETC. (IMPRINT) | |
| Place of publication, distribution, etc. | Edinburgh : |
| Name of publisher, distributor, etc. | Oliver & Boyd , |
| Date of publication, distribution, etc. | 1964 |
| 300 ## - PHYSICAL DESCRIPTION | |
| Pagination | xi, 941 p. : |
| Illustrations | illus. ; |
| Size | 25 cm. |
| 504 ## - BIBLIOGRAPHY, ETC. NOTE | |
| Bibliography, etc | Includes Index |
| 650 #0 - SUBJECT ADDED ENTRY--TOPICAL TERM | |
| Topical term or geographic name as entry element | Chemistry, Organic. |
| 9 (RLIN) | 39671 |
| 700 1# - ADDED ENTRY--PERSONAL NAME | |
| Personal name | Campbell, Neil, |
| Dates associated with a name | 1903-1996, |
| Relator term | ed. |
| 942 ## - ADDED ENTRY ELEMENTS (KOHA) | |
| Source of classification or shelving scheme | Dewey Decimal Classification |
| Koha item type | Books |
| Lost status | Source of classification or shelving scheme | Damaged status | Not for loan | Collection code | Permanent Location | Current Location | Shelving location | Date acquired | Source of acquisition | Cost, normal purchase price | Total Checkouts | Full call number | Date last seen | Copy number | Koha item type |
|---|---|---|---|---|---|---|---|---|---|---|---|---|---|---|---|
| Dewey Decimal Classification | Non-fiction | Central Library, University of Rajshahi | Central Library, University of Rajshahi | 06/04/1967 | Euro-Pak | 54.81 | 547.30877 ORG 1964 | 29/01/2014 | C-4 | Books |